Rêver j'en ai l'habitude - Molière l'Opéra Urbain - Statistiques

Statistiques générales
  • Ce quiz a été pris 70 fois
  • Le résultat moyen est 216 sur 271
Statistiques - réponses
% Correct
à
100%
Je
97%
je
97%
j'en
97%
J'en
97%
rêver
97%
Rêver
97%
ai
94%
le
94%
l'habitude
94%
l'habitude,
94%
Les
91%
les
91%
ma
91%
Ma
91%
autres,
89%
autres
89%
la
89%
me
89%
pour
89%
Pour
89%
changer
86%
de
86%
De
86%
et
86%
solitude
86%
ce
83%
comme
83%
il
83%
Ils
83%
ils
83%
sont
83%
tout
83%
d'altitude
80%
faut
80%
Mais
80%
ça
77%
faute,
77%
faute
77%
m'évader
77%
m'évader,
77%
tous
77%
Accroché
74%
des
74%
fais
74%
faux
74%
joue
74%
leur
74%
Oui,
74%
Pas
74%
pas
74%
qui
74%
dans
71%
Dans
71%
d'incertitude
71%
lassitude
71%
libérer
71%
ne
71%
plaire
71%
qu'il
71%
sonne
71%
costumes
69%
Essayer
69%
eux
69%
ont
69%
rôles
69%
suis
69%
veux
69%
attitude
66%
dois
66%
drôles
66%
faire
66%
fait
66%
m'enivrer
66%
monde
66%
peau
66%
plus
66%
Si
66%
C'est
63%
en
63%
gens
63%
heureux
63%
jouer
63%
n'ai
63%
n'est
63%
derrière
60%
Loin
60%
lumière
60%
mieux
60%
toujours
60%
yeux
60%
Celui
57%
comédie
57%
l'assurance
57%
l'insolence
57%
moi
57%
rideau
57%
ronde
57%
sous
57%
tête
57%
veut
57%
Vivre
57%
bonne
54%
histoires
54%
sais
54%
sombres
54%
terre
54%
coeur,
51%
Côté
51%
humaine
51%
m'invente
51%
noir
51%
scène
51%
cour,
49%
d'autres
49%
j'avoue
49%
mettre
49%
latitudes
43%
Accrochée
34%
Aucun quiz correspondant
Distribution des résultats
% des personnes avec chaque résultat
Percentile par nombre de réponses
Votre historique - résultats
Vous n’avez pas pris ce quiz